000 00474nam a22001697a 4500
003 OSt
005 20211104115214.0
008 211104b |||||||| |||| 00| 0 eng d
020 _a0-444-41700-1
040 _cHawassa University
050 _a636.083/ARN
_b1
082 _b1
_a636.083/ARN
100 _aArnold,G.W.
_916922
245 _aEthology of Free-Ranging Domestic Animals
260 _aNew York
_bElsevier Scientific Publishing Company
_c1978
942 _2ddc
_cBOOKS
_n0
999 _c16725
_d16725